00588nam a2200181Ia 4500008004100000020002200041040001800063041000800081100002300089245008500112260007500197300003800272650001400310650002000324650001500344650001300359700003400372130821s2011 ck a gr spa  a978 958 99746 4 3 aCo-BoUCMbspa00aspa1 aBrito Ruiz, Myriam10aPalabra, acción y creacióncMyriam Brito Ruiz y Maria Ruby Restrepo Betancur aPereira (Risaralda, Colombia)bCorporación Universitaria Librec2011 a97 páginasbilustraciones color aDiscursos aLingüística aLiteratura aOratoria1 aRestrepo Betancur, Maria Ruby